| 000 | 00666 a2200193 4500 | ||
|---|---|---|---|
| 999 |
_c252 _d252 |
||
| 008 | 210419b ||||| |||| 00| 0 eng d | ||
| 020 | _a9788126558711 | ||
| 082 | 0 | 0 |
_a658.4038011 _bT931 |
| 100 |
_aTurban, E. _94959 |
||
| 245 |
_aInformation technology for management: advancing sustainable, profitable business growth / _cby E. Turban, Linda Volonio and Gregory R. Wood; adopted by O.P. Wali |
||
| 250 | _a1st ed. | ||
| 260 |
_aNew Delhi: _bWiley India, _c2016. |
||
| 300 | _axii, 362p.+S10 p. | ||
| 650 | 0 | _aManagement Information Systems | |
| 700 |
_94961 _aWali, O. P. |
||
| 700 |
_94962 _aVolonio, Linda |
||
| 700 |
_94963 _aWood, Gregory R. |
||
| 942 |
_2ddc _cBK |
||